书目信息 |
| 题名: |
宣传动态
|
|
| 作者: | ;中国社会科学出版社 编 | |
| 分册: | ||
| 出版信息: | 北京 中国社会科学出版社 1981.7 |
|
| 页数: | 294页 | |
| 开本: | 19cm | |
| 丛书名: | ||
| 单 册: | ||
| 中图分类: | D261.5 | |
| 科图分类: | ||
| 主题词: | 中国共产党 | |
| 电子资源: | ||
| ISBN: | ||
| 000 | 00610nam0 2200205 45 | |
| 001 | 0309281673 | |
| 005 | 20060718105107.67 | |
| 010 | @dCNY0.80 | |
| 091 | @a3190.025 | |
| 100 | @a20030928d1981 km y0chiy0120 ea | |
| 101 | 0 | @achi |
| 200 | 1 | @a宣传动态@AXuan Chuan Dong Tai@e1979@f中国社会科学出版社编@Fzhong guo she hui ke xue chu ban she bian |
| 210 | @a北京@c中国社会科学出版社@d1981.7 | |
| 215 | @a294页@d19cm | |
| 517 | @a1979 | |
| 606 | 0 | @a中国共产党 |
| 690 | @aD261.5@v4 | |
| 711 | 0 | @a中国社会科学出版社@Azhong guo she hui ke xue chu ban she@4编 |
| 801 | @aCN@bTSTC@c20060718 | |
| 905 | @dD261.5@e1979 | |
| 宣传动态:1979/中国社会科学出版社编.-北京:中国社会科学出版社,1981.7 |
| 294页;19cm |
| ISBN :CNY0.80 |
| ● |
| 相关链接 |
|
|
|
|
正题名:宣传动态
索取号:D261.5/1979
 
预约/预借
| 序号 | 登录号 | 条形码 | 馆藏地/架位号 | 状态 | 备注 |
| 1 | 0051639 | 001724067 | 密集书库/ [索取号:D261.5/1979] | 在馆 | |
| 2 | 0051640 | 001724101 | 密集书库/ [索取号:D261.5/1979] | 在馆 | |
| 3 | 0051641 | 202366215 | 密集书库/ [索取号:D261.5/1979] | 在馆 | |
| 4 | 0051642 | 001709002 | 密集书库/ [索取号:D261.5/1979] | 在馆 | |
| 5 | 0051643 | 001723987 | 密集书库/ [索取号:D261.5/1979] | 在馆 | |
| 6 | 0051644 | 001724021 | 密集书库/ [索取号:D261.5/1979] | 在馆 | |
| 7 | 0051645 | 202225378 | 密集书库/ [索取号:D261.5/1979] | 在馆 | |
| 8 | 0051646 | 001723941 | 密集书库/ [索取号:D261.5/1979] | 在馆 | |
| 9 | 0051647 | 001723905 | 密集书库/ [索取号:D261.5/1979] | 在馆 | |
| 10 | 0051648 | 001723852 | 密集书库/ [索取号:D261.5/1979] | 在馆 | |
| 11 | 0424320 | 204243201 | 密集书库/ [索取号:D261.5/1979] | 在馆 |